[Event "USA-ch"]
[Site "Seattle"]
[Date "2002.01.05"]
[Round "1"]
[White "Pixton, Aaron"]
[Black "Stripunsky, Alexander"]
[Result "0-1"]
[WhiteElo "2432"]
[BlackElo "2542"]
[Annotator "Tyomkin,D"]
[PlyCount "110"]
[EventDate "2002.01.05"]
[EventType "swiss"]
[EventRounds "9"]
[EventCountry "USA"]
[SourceTitle "CBM 087"]
[Source "ChessBase"]
[SourceDate "2002.03.21"]
[SourceVersion "1"]
[SourceVersionDate "2002.03.21"]
[SourceQuality "1"]

1. d4 d5 2. c4 e6 3. Nf3 c6 4. e3 f5 5. Ne5 Nf6 6. Bd3 Nbd7 {Usually black
develops Bf8 here to d6 or e7...} 7. f4 Nxe5 $146 (7... Be7 8. O-O O-O 9. cxd5
(9. Nc3 Ne4 10. g4 g6 11. gxf5 gxf5 12. cxd5 cxd5 13. Kh1 Kh8 $11 {0-1 Panczyk,
K-Matlak,M/POL-ch 1992/CBM 29 ext (50)}) 9... Nxd5 $2 (9... cxd5 10. Nc3 $14 {
[%cal Gc1d2]}) 10. Nc3 Nxe5 11. fxe5 Nb4 12. Bc4 $16 {1-0 Mastrovasilis,
A-Popchev,M/Antalya 2001/CB19 (40)}) 8. fxe5 Ne4 9. O-O Be7 10. b3 O-O 11. Bxe4
fxe4 (11... dxe4 12. Ba3 {[%csl Rc8]}) 12. Ba3 $14 {White got stable long-time
advantage;} Rxf1+ 13. Qxf1 Bxa3 $6 {White knight gonna be useful on c2;} (13...
b6 14. Bxe7 Qxe7 {[%cal Gc8a6] with good chances to equalize;}) 14. Nxa3 Qe7
15. Nc2 a5 $6 {Black gonna suffer for a while after forthcoming move of white;}
(15... Bd7 16. Qe2 $14 {[%cal Ga1f1]}) (15... b6 $5) 16. c5 $1 b6 {Black
doesn't have enough forces to create counterplay;} 17. cxb6 Qd8 18. Qc1 Qxb6
19. Qa3 {[%cal Ga3d6,Gd6e7]} Qc7 20. Rf1 Ba6 21. Rf2 Bd3 22. Qc5 h6 (22... Bxc2
23. Rxc2 $16 {[%csl Rc6]}) 23. h3 Qd7 24. Ne1 Qe8 (24... Ba6 25. Qxa5 $16) 25.
Nxd3 exd3 26. Qc3 Qg6 27. Rd2 (27. Qxc6 Rb8 28. Qa6 Qe4 29. Qxe6+ Kh8 $132)
27... Rf8 28. Qxd3 Qg3 29. Qe2 $16 {White is just up a pawn;} c5 30. Rd1 cxd4
31. exd4 Rf4 32. Rd3 Qh4 33. g3 $2 {forcing the rook's ending, but black is
fine there even beeing down one pawn!} (33. Qd2 $1 $16 {[%cal Rg2g3,Gg1h2]})
33... Re4 34. gxh4 (34. Qf1 Qh5 $132 {[%cal Gh5e2]}) 34... Rxe2 $11 {Black
keeps the game balanced thanks to active rook; But this is hard to believe
that white gonna get hopeless position just in 8 moves without blundering
anything!} 35. a4 h5 36. Rc3 Rd2 37. Rc5 Rd3 $1 {b3 is much more important
than d4 which is always the target;} 38. Rxa5 Rxb3 39. Kg2 $6 {[%mdl 16384]} (
39. Rb5 Rd3 40. Rb4 Ra3 $11) 39... Rb4 40. Ra6 $2 {[%mdl 16384] helping black
to enter the king!} (40. Ra7 Rxd4 41. a5 Kh7 42. Re7 Kg6 43. Rxe6+ Kf5 44. Re7
$11) 40... Kf7 41. Ra7+ $2 {[%mdl 16384] and helping black one more time!} (41.
a5 Rxd4 42. Rb6 {[%cal Ga5a6] with chances to save the game;}) 41... Kg6 $19 {
[%csl Rd4][%cal Gg6f5] Now white can not save it- black gonna grab all white
central pawns by rook and king;} 42. Re7 Kf5 43. Rxg7 Rxd4 44. Rg5+ Kf4 45.
Rxh5 Rxa4 46. Rh8 (46. Rg5 Ra2+ 47. Kg1 d4 $19) 46... Ra2+ 47. Kf1 d4 {47...
Kxe5 was good too, getting two passed pawns connected, but black wins here
also by pushing d-pawn forward;} 48. h5 d3 49. Rd8 Ke3 50. h6 Ra7 {Time to
take care on passed pawn of white;} 51. Kg2 Rh7 52. Kg3 Rxh6 53. Kg4 Rg6+ 54.
Kh5 Rg1 55. h4 d2 0-1

[Event "EU-ch 2nd"]
[Site "Ohrid"]
[Date "2001.06.11"]
[Round "10"]
[White "Georgiev, Vladimir"]
[Black "Goloshchapov, Alexander"]
[Result "1/2-1/2"]
[WhiteElo "2592"]
[BlackElo "2528"]
[Annotator "Tyomkin,D"]
[PlyCount "56"]
[EventDate "2001.06.01"]
[EventType "swiss"]
[EventRounds "13"]
[EventCountry "YUG"]
[SourceTitle "CBM 084"]
[Source "ChessBase"]
[SourceDate "2001.09.13"]
[SourceVersion "1"]
[SourceVersionDate "2001.09.13"]
[SourceQuality "1"]

1. c4 e6 2. Nc3 d5 3. d4 c6 4. e3 f5 5. Bd3 Nf6 6. Nge2 (6. Qc2 {Tyomkin,D} a6
7. Nge2 Bd6 8. f3 O-O 9. O-O {In the following game white led in interesting
plan with lon castle, but Grischuk found a way to equalize;} b6 {While
Grischuk played his first game with Akopian, he even didn't think about b6
move (as you can find out in his annotations to that game- he has checked all
logical moves, except 9...b6); Then he tried this move against Chernin, and
got equal play. In current game, he shows an improvement of his game against
Chernin; 9...b6 move prevents c4-c5 ideas of white (c4-c5 and then to prepare
e3-e4- white gets advantage in space that way), as it was shown by Akopian.}
10. Bd2 Qc7 $146 {Another improvement of the line is introduced by Grischuk;}
11. h3 c5 $1 {That's the point; Black doesn't need Kh8-move so much now;} 12.
dxc5 (12. cxd5 $4 {Tyomkin,D} c4 {[%csl Rd3]}) 12... bxc5 13. Na4 (13. Rad1 {
Tyomkin,D} Nc6 {[%cal Gc6b4]} 14. a3 Ne5 $1 $15 (14... d4 15. exd4 cxd4 16. Na4
$14) 15. cxd5 $140 c4 $19) 13... Nc6 14. Rac1 (14. cxd5 {Tyomkin,D} Nxd5 15.
Nxc5 $140 Ncb4 $19) 14... Bd7 {Completing the development;} 15. cxd5 Nxd5 {
[%cal Gc6b4,Gc6e5]} 16. Bc4 (16. Nxc5 {Tyomkin,D} Ncb4 17. Nxd7 Nxc2 18. Nxf8
Rxf8 19. Rxc2 Qb6 $17) (16. a3 {Tyomkin,D} Ne5 $17) 16... Ne5 $15 {0-1 Bauer,
C-Grischuk,A/Enghien les Bains 2001/CBM 83_01/[Tyomkin,D] (22) Black dominates
in the centre;}) 6... Bd6 7. f3 O-O 8. O-O (8. Qc2 Kh8 (8... Nbd7 9. Bd2 a6 10.
c5 Bc7 11. O-O-O b6 12. cxb6 Nxb6 13. g4 $132 {0-1 Nikolic,N-Raicevic,V/Herzeg
Novi 2001/CBM 82 ext (26)}) 9. Bd2 dxc4 $5 (9... Qe7 10. O-O Na6 11. a3 {
1-0 Efimov,I-Bellini,F/Mondariz 2000/CBM 79 (31)}) 10. Bxc4 e5 {-and like in
the game;}) 8... Kh8 {The idea of this move is to take on c4 and to push e6-e5
then;} 9. Qc2 dxc4 10. Bxc4 e5 11. Bd3 Nd5 12. a3 {12.Nxd5 doesn't bring white
much, but after 12.a3 black has very comfortable play;} (12. Nxd5 $5 cxd5 13.
dxe5 Bxe5 14. f4 (14. Nd4 Qf6) 14... Bf6 15. Nd4 Bxd4 (15... g6 16. Bd2 $14 {
[%cal Gd2c3]}) 16. exd4 Nc6 {[%cal Gc6b4,Yc6d4]} 17. Qf2 {but this position
looks like equal;}) 12... Qe7 13. Bd2 Nxc3 14. bxc3 (14. Qxc3 Nd7 {[%cal Gd7b6]
}) (14. Bxc3 exd4 15. exd4 (15. Bxd4 $2 c5 {[%csl Re3]}) 15... Qe3+ 16. Kh1 Qh6
{[%cal Gc8e6,Yb8d7]}) 14... Be6 (14... Bxa3 15. dxe5 $16 {[%cal Gf3f4,Ye3e4]})
15. Rae1 Nd7 16. c4 (16. e4 fxe4 17. Bxe4 Nf6 $15 {black keeps better
structure;}) 16... e4 $1 {[%mdl 64] Now black intercepts the initiative;} (
16... Bxa3 17. c5 {[%csl Ra3]}) 17. fxe4 fxe4 18. Bxe4 Bxc4 19. Rxf8+ Rxf8 20.
Nf4 {White has to play very accuratly to equalize;} (20. Bxc6 $2 Bxh2+ (20...
Bxe2 21. Bxd7 Qxd7 22. Rxe2 Bxa3 $11) 21. Kxh2 Qh4+ 22. Kg1 Qf2+ 23. Kh1 bxc6
24. Qxc4 Qh4+ 25. Kg1 Ne5 $40) (20. Qxc4 Qxe4 $15) (20. Bxh7 $2 Bxe2 21. Rxe2
Qh4 $19 {[%csl Rh2,Rh7]}) 20... Bg8 21. a4 Nf6 22. Bf5 Nd5 {Black could get
better pawn structure in the next line, but white probably can hold position
anyhow:} (22... Bxf4 $142 23. exf4 Qd8 {[%csl Rd4,Rf4][%cal Gf6d5]} 24. Qd3 (
24. Qc5 Nd5 25. Be4 Nxf4 $17 26. Qxa7 $140 Qh4 $19 {[%cal Rf4h3]}) 24... Qd6 (
24... Nd5 25. g3 Re8 $6 26. Re5 $11) 25. Rb1 Nd5 26. g3 $11) 23. Nxd5 Bxd5 24.
g3 $8 (24. e4 Qh4 25. h3 g6 $17) (24. h3 Bxg2 $1 25. e4 (25. Kxg2 Qg5+ 26. Bg4
Qh4 $19 {[%cal Gh4g3,Yf8f2]}) 25... g6 $17) 24... Bxg3 $5 {[%mdl 64] There was
no reason for black to get a draw by force, but that position was balanced
either way;} 25. hxg3 Qg5 $8 26. g4 Qh4 27. e4 $8 Qg3+ 28. Kh1 Qh3+ 1/2-1/2

[Event "Prerov Friendship GM"]
[Site "Prerov"]
[Date "2001.12.07"]
[Round "4"]
[White "Neverov, Valeriy"]
[Black "Heberla, Bartlomiej"]
[Result "1-0"]
[WhiteElo "2569"]
[BlackElo "2390"]
[Annotator "Tyomkin,D"]
[PlyCount "51"]
[EventDate "2001.12.04"]
[EventType "tourn"]
[EventRounds "11"]
[EventCountry "CZE"]
[EventCategory "9"]
[SourceTitle "CBM 087"]
[Source "ChessBase"]
[SourceDate "2002.03.21"]
[SourceVersion "1"]
[SourceVersionDate "2002.03.21"]
[SourceQuality "1"]

1. d4 e6 2. c4 d5 3. Nc3 c6 4. e3 f5 5. Bd3 Nf6 6. Nge2 Bd6 7. Qc2 (7. f3 O-O
8. O-O {-is another popular line here;} (8. O-O {Tyomkin,D} Kh8 {The idea of
this move is to take on c4 and to push e6-e5 then;} 9. Qc2 dxc4 10. Bxc4 e5 11.
Bd3 Nd5 {1/2-1/2 Georgiev,V-Goloshchapov,A/Ohrid 2001/CBM 84/[Tyomkin,D] (28)})
) 7... O-O 8. f3 Kh8 {In other lines white doesn't get any clear advantage as
well:} (8... Na6 $5 {[%cal Ga6b4] Golod,V} 9. a3 Nc7 $6 ({Now that good enough:
} 9... Kh8 $5 {Golod,V} 10. Bd2 dxc4 11. Bxc4 Nc7 12. O-O (12. O-O-O $6 Qe7 13.
e4 fxe4 14. fxe4 e5 $15 {Rabinovich,A-Kaspi,A/Tel Aviv,1996(rapid) (0-1)(29)})
12... e5 13. dxe5 Bxe5 14. f4 Bd6 15. Ng3 Ng4 16. h3 Nh6 17. Rad1 Qh4 {1/2-1/2
Ibragimov,I-Nikolaidis,I/Ikaria,1994(17)}) 10. O-O $6 $146 (10. c5 $5 {(Golod,
V) -was checked in the previous game.} Be7 11. b4 Bd7 12. a4 a6 13. Bd2 Qb8 14.
O-O {with positional advantage of white. Hermann,U-Maierhofer,J/AUT,1997(1-0) 
(34)}) 10... b6 $5 $11 {[%csl Yb6][%cal Yb6c5,Gc8a6] Please pay your attention
to the piece path of the white queen and of the black king and queen.. 0-1
Golod,V-Dgebuadze,A/Antwerp 1999/EXT 2000/[Golod,V] (81)}) (8... a6 9. O-O b5
$5 $146 (9... b6 {Tyomkin,D While Grischuk played his first game with Akopian,
he even didn't think about b6 move (as you can find out in his annotations to
that game- he has checked all logical moves, except 9...b6); Then he tried
this move against Chernin, and got equal play. In current game, he shows an
improvement of his game against Chernin; 9...b6 move prevents c4-c5 ideas of
white (c4-c5 and then to prepare e3-e4- white gets advantage in space that way)
, as it was shown by Akopian.} 10. Bd2 Qc7 $146 {Another improvement of the
line is introduced by Grischuk;} 11. h3 c5 $1 {That's the point; Black doesn't
need Kh8-move so much now;} 12. dxc5 (12. cxd5 $4 {Tyomkin,D} c4 {[%csl Rd3]})
12... bxc5 13. Na4 (13. Rad1 {Tyomkin,D} Nc6 {[%cal Gc6b4]} 14. a3 Ne5 $1 $15 (
14... d4 15. exd4 cxd4 16. Na4 $14) 15. cxd5 $140 c4 $19) 13... Nc6 14. Rac1 (
14. cxd5 {Tyomkin,D} Nxd5 15. Nxc5 $140 Ncb4 $19) 14... Bd7 {Completing the
development;} 15. cxd5 Nxd5 {[%cal Gc6b4,Gc6e5]} 16. Bc4 (16. Nxc5 {Tyomkin,D}
Ncb4 17. Nxd7 Nxc2 18. Nxf8 Rxf8 19. Rxc2 Qb6 $17) (16. a3 {Tyomkin,D} Ne5 $17)
16... Ne5 $15 {0-1 Bauer,C-Grischuk,A/Enghien les Bains 2001/CBM 83_01/
[Tyomkin,D] (22) Black dominates in the centre;}) 10. b3 Nbd7 11. Bd2 Bb7 12.
c5 Bc7 13. e4 fxe4 14. fxe4 e5 $1 15. exd5 (15. b4 $5 exd4 16. Nxd4 Nxc5 $140
17. bxc5 dxe4 18. Ne6 Qxd3 19. Qxd3 exd3 20. Nxc7 $16) 15... cxd5 16. Bf5 Bc6
17. Bg5 Qe8 18. Rae1 b4 19. Na4 Ne4 $6 (19... Qh5 $1) 20. Bxe4 dxe4 21. Qc4+
Kh8 22. d5 Bb5 23. Rxf8+ (23. Qxe4 {1/2-1/2 Moiseenko,A-Tregubov,P/Moscow RUS
2002/The Week in Chess 379 (23)}) 23... Qxf8 24. Qxb4 Bxa4 25. d6 $1) (8...
Nbd7 9. Bd2 a6 10. c5 Bc7 11. O-O-O b6 12. cxb6 Nxb6 13. g4 $132 {0-1 Nikolic,
N-Raicevic,V/Herzeg Novi 2001/CBM 82 ext (26)}) 9. Bd2 (9. b3 Bd7 $6 10. O-O
Na6 11. a3 Rc8 $2 {it was necessary to push c6-c5 instead, by playing c5
directly or 11...Qc7 first;} 12. c5 Bb8 13. b4 $16 {[%csl Ra6,Rb8][%cal Ye3e4]
1-0 Schlosser,P-McMichael,R/Deizisau 2001/CB20 (49)}) 9... b6 {9...dxc4 leads
to interesting type of position- mix of Stinewall and Meran; 9...Qe7 is solid
move, but white can get some edge there;} (9... c5 $6 10. cxd5 cxd4 11. Nxd4
Nxd5 12. Nxd5 exd5 13. O-O f4 14. Nb5 $16 {1-0 Hass,R-Seifert,H/Mikolajki 1991/
EXT 2000 (22)}) (9... Qe7 10. O-O (10. O-O-O Nbd7 11. e4 fxe4 12. fxe4 dxc4 13.
Bxc4 e5 14. Bg5 b5 15. Bb3 Nb6 $132 {0-1 Herzog,J-Gurevich,M/Bern 1989/CBM 11 
(23)}) 10... Na6 11. a3 $14 {1-0 Efimov,I-Bellini,F/Mondariz 2000/CBM 79 (31)})
(9... dxc4 $5 10. Bxc4 b5 (10... e5 11. O-O $14) 11. Bd3 Na6 12. a3 Bb7 13. b4
Nc7 $132 {[%cal Ga7a5] 0-1 Zielinska,M-Kiseleva,N/Warsaw POL 2001/The Week in
Chess 338 (31)}) 10. O-O Nbd7 $2 {[%mdl 16384] Typical strategical blunder-
white gets full control over the queenside by cxd5 now; The idea has been
introduced in some classical games;} (10... Ba6 11. cxd5 (11. b3 c5 $132 {
[%cal Gb8c6]}) 11... Nxd5 12. Nxd5 Bxd3 13. Qxd3 exd5 14. e4 $14 {white gets
an advantage thanks to better development;}) (10... Qc7 $142 $5 {[%cal Gc8a6]}
11. h3 Ba6 12. cxd5 $14 Nxd5 13. Nxd5 exd5 {but black can survive here;}) 11.
cxd5 cxd5 12. Nb5 $16 (12. e4 fxe4 13. fxe4 dxe4 14. Nxe4 Nxe4 15. Bxe4 Rb8 $14
{black holds the defense somehow...}) 12... Qe7 13. Nxd6 Qxd6 14. Rfc1 {
[%csl Rc6,Rc7,Re6][%cal Yc1c7,Ye2f4] Disaster for black here;} Rd8 15. Qa4 {
[%cal Yc1c6,Gd2b4]} (15. Qc7 Qxc7 16. Rxc7 $16 {[%csl Re6][%cal Ga1c1,Re2f4]})
15... Nf8 (15... Bb7 16. Bb4 Qb8 17. Qa3 $18 {[%cal Re2f4,Yb4e7,Rb4d6]}) 16.
Bb4 Qd7 17. Bb5 {Full domination of white pieces;} (17. Qxd7 $16 {[%cal Gc1c7]}
) 17... Qf7 18. Qa3 Bb7 $2 {It leads to the immediate loss of material, but
black's position is horrible in other lines as well;} (18... Ng6 19. Bd6 {
[%cal Rb5c6]} Bd7 20. Ba6 Bc8 21. Rc7 $16) (18... Bd7 19. Rc7 $16) 19. Be7 $1
$18 {It forces the gain of a7-pawn at least...} Rdc8 20. Rxc8 Rxc8 (20... Bxc8
$2 21. Bxf8) 21. Bxf8 Qxf8 (21... a6 22. Bxa6 Ra8 23. Qe7 Qxe7 24. Bxe7 Bxa6
25. Nf4 Nd7 26. Bd6 Re8 27. h4 $18 {[%csl Re6]}) 22. Qxa7 Bc6 23. Ba6 (23. Qxb6
$18) 23... Ra8 (23... Rb8 24. Rc1 Bd7 25. Nf4 $18 {[%cal Gf4d3,Yd3e5]}) 24.
Qxb6 Bd7 25. Rc1 Rb8 26. Qc5 {White is up two pawns without any compensation
of black;} (26. Qc5 Qxc5 27. dxc5 $18 {[%cal Gc5c6,Yc6c7,Yc7c8]}) 1-0

[Event "Ciocaltea Memorial"]
[Site "Bucharest"]
[Date "2001.03.13"]
[Round "10"]
[White "Solak, Dragan"]
[Black "Vajda, Levente"]
[Result "0-1"]
[WhiteElo "2511"]
[BlackElo "2454"]
[Annotator "Tyomkin,D"]
[PlyCount "88"]
[EventDate "2001.03.04"]
[EventType "tourn"]
[EventRounds "11"]
[EventCountry "ROU"]
[EventCategory "12"]
[SourceTitle "CBM 082"]
[Source "ChessBase"]
[SourceDate "2001.05.17"]
[SourceVersion "1"]
[SourceVersionDate "2001.05.17"]
[SourceQuality "1"]

1. c4 e6 2. d4 d5 3. Nf3 c6 4. e3 f5 5. Be2 Nf6 6. O-O Bd6 7. b3 Qe7 8. Bb2 O-O
9. Qc1 {The idea is to play Ba3, then to trade on d6, and Qa3, trading queens.
In my opinion, that ending isn't so dangerous for black.} dxc4 $146 {This is
very unusual reaction for StoneWall- black wants to transfer the game to Meran
style position, the only difference is the pawn on f5.} (9... b6 10. Ba3 Bb7
11. Bxd6 Qxd6 12. Qa3 Qxa3 (12... c5 13. Nc3 Ne4 14. Rac1 Nd7 15. Rfd1 dxc4 16.
dxc5 Qxc5 17. Qxc5 Ndxc5 18. Bxc4 $14 {1-0 Shevelev,S-Pomes Marcet,J/Barcelona
1993/EXT 97 (55)}) 13. Nxa3 a5 {1/2-1/2 Marin,M-Nisipeanu,L/Bucharest ROM 2001/
The Week in Chess 332 (13)}) (9... Bd7 10. Ba3 Be8 (10... Bxa3 $6 {It just
loses a tempo- white would take on d6, following by Qa3, in any case.} 11. Qxa3
Qxa3 12. Nxa3 Be8 13. Ng5 Bf7 14. Rfc1 h6 15. Nxf7 Rxf7 16. b4 $14 {1-0 Ionov,
S-Zontakh,A/Berlin 1995/CBM 47 ext (41)}) 11. Bxd6 Qxd6 12. Qa3 Qxa3 13. Nxa3
Bh5 $11 {1/2-1/2 Rakhmangulov,A-Borovikov,V/Nikolaev 1995/CBM 47 (43)}) 10.
Bxc4 (10. bxc4 $5 Nbd7 {[%cal Gc6c5,Ge6e5] with ideas c6-c5 or e6-e5.} 11. c5
Bc7 12. Bd3 $14 {preventing e6-e5 for a while.}) 10... b5 11. Bd3 Bb7 12. Nbd2
Nd5 (12... Nbd7 13. Re1 $14 {[%cal Ge3e4]}) 13. e4 fxe4 14. Bxe4 $6 {Much was
logical to capture this way, even letting black to trade one of white bishops.}
(14. Nxe4 Nf4 15. Qc2 Nxd3 16. Qxd3 Nd7 17. Rfe1 $14 {and white has control
over important central squares.}) 14... Nd7 15. Ne5 $6 {After this move black
solves all his problems.} (15. Re1 $14) 15... Bxe5 16. dxe5 c5 {Black has pawn
majority on the queenside, which gives even better chances in this position.}
17. Qc2 Qh4 18. Rae1 Rac8 $15 {[%cal Gc5c4] Black intends to create passed
pawn "c", on the other hand, white doesn't have any clear plan.} 19. g3 Qh3 20.
f4 c4 21. bxc4 bxc4 {[%cal Gc4c3]} 22. Ba3 Nc5 23. Bxc5 (23. Nxc4 Nxe4 $1 24.
Bxf8 (24. Qxe4 Nxf4 $1 $19) (24. Rxe4 Nb6 $1 $19) 24... Nb6 $1 $19) 23... Rxc5
24. Nf3 (24. Nxc4 Ba6 $19 {[%cal Gf8c8]}) 24... Nb4 25. Qb1 (25. Bxh7+ Qxh7 (
25... Kh8 26. Qb2 $1 $16) 26. Qxh7+ Kxh7 27. Ng5+ Kg8 28. Nxe6 Ra5 $17 {
[%cal Ga5a2]}) 25... Bxe4 26. Qxe4 {White had to look for equality- 26.Qxb4
was one of ways.} (26. Qxb4 Bxf3 27. Rxf3 Rfc8 $11) 26... Rfc8 27. Nd4 Nd3 28.
Rb1 Qg4 {[%cal Rc5e5]} 29. Qe3 $6 (29. Qf3 Qxf3 30. Rxf3 Rd5 $1 $17 {[%csl Gc4]
} 31. Nxe6 $140 c3 $19) (29. Rb5 $5 {intending to trade the rook. White
probably keeps the balance here.}) 29... g5 $1 {Creating another weakness in
white's position- pawn f4.} 30. Kh1 gxf4 31. gxf4 Kh8 {[%csl Rf4]} 32. Ne2 (32.
Qg3 Qxg3 33. hxg3 Ra5 $15) 32... R5c7 {Missing one nice tactical idea.} (32...
Rg8 $142 $1 33. Rg1 (33. Ng3 Ra5 $17) {[%tqu "En","","","","c5e5","",10]} 33...
Rxe5 $1 34. fxe5 (34. Qxd3 cxd3 35. Rxg4 Rxe2 $19) {[%tqu "En","","","","g4e4",
"",5]} 34... Qe4+ $1 35. Qxe4 Nf2#) 33. Rf3 Qf5 34. Rg1 Nc5 35. Ng3 (35. Nd4
Qd3 36. Nb5 Rd7 37. Nd6 Rb8 $132) 35... Qd3 36. Qf2 $2 {After this move
white's position becomes very difficult. White still had a chance to save the
game by:} (36. f5 Qxe3 37. Rxe3 Nd3 38. fxe6 {and the ending is very close to
draw.}) 36... Qd5 $1 {[%cal Rd5h1] In addition to passed pawn c4, white has
troubles over big diagonal.} 37. Nh5 $2 {Final mistake.} (37. Qg2 Rg8 $1 38.
Rc3 (38. Rff1 Nd3 $17) 38... Nd3 $17) 37... Ne4 38. Qg2 c3 39. Nf6 Nxf6 40.
exf6 c2 $19 {There is no way for white to stop black's passed pawn.} 41. Rc1
Rg8 42. Rg3 Qd1+ 43. Qg1 Rxg3 44. hxg3 {[%tqu "En","Find the way to queen
c2-pawn.","","","c7d7","",10]} Rd7 $1 0-1

[Event "RUS-ch m1-2"]
[Site "Elista"]
[Date "1997.05.20"]
[Round "1.2"]
[White "Kharitonov, Andrei Y"]
[Black "Kobalia, Mihail"]
[Result "1/2-1/2"]
[WhiteElo "2520"]
[BlackElo "2545"]
[Annotator "Tyomkin,D"]
[PlyCount "58"]
[EventDate "1997.05.19"]
[EventType "k.o."]
[EventRounds "6"]
[EventCountry "RUS"]
[SourceTitle "CBM 059"]
[Source "ChessBase"]
[SourceDate "1997.08.01"]
[SourceVersion "1"]
[SourceVersionDate "1997.08.01"]
[SourceQuality "1"]

1. d4 d5 2. Nf3 c6 3. c4 e6 4. e3 f5 5. Bd3 Nf6 6. O-O Bd6 7. b3 Qe7 8. Bb2 O-O
9. Qc1 g5 $6 $146 (9... b6 {Tyomkin,D} 10. Ba3 (10. Ne5 Bb7 11. cxd5 (11. f4 $5
) 11... Bxe5 (11... cxd5 12. Ba3) 12. dxe5 Nxd5 13. Nc3 Nxc3 14. Qxc3 c5 15. f3
Nc6 16. a3 Rad8 17. Rad1 Rd7 18. Be2 {1/2-1/2 Danielsen,H-Hansen,L/DEN-ch 1993}
) 10... Bb7 (10... Na6 11. Bxd6 Qxd6 12. Qa3 Nb4 13. Nc3 Rd8 14. Be2 Bb7 15.
Rac1 Qe7 16. Rfd1 a5 17. Ne5 Nd7 18. Nxd7 Qxd7 19. Na4 Qc7 20. Qb2 $14 {
Danner,G-Stangl,M/Dortmund op-A 1993/1-0 (57)}) 11. cxd5 (11. Bxd6 Qxd6 12.
cxd5 cxd5 13. Qa3 Qxa3 14. Nxa3 a6 15. Rfc1 Nc6 {1/2-1/2 Utemov,V-Kramnik,V/
Moscow4 1991}) 11... Nxd5 (11... cxd5) 12. Bxd6 Qxd6 13. Qa3 c5 14. dxc5 bxc5
15. Be2 Nd7 16. Nbd2 Nc3 17. Bc4 Nb6 18. Qb2 Ne4 19. Nxe4 Bxe4 20. Be2 $16 {
[%csl Rc5,Re5] Kharitonov,A-Savon,V/Ch Chess Club Russia (cat.9), Moscow,1995/
1-0 (76)}) (9... Bd7 {Tyomkin,D} 10. Ba3 Bxa3 (10... Be8 11. Bxd6 Qxd6 12. Qa3
Qd8 13. Nbd2 Ne4 14. Bxe4 fxe4 15. Ne5 Nd7 16. Nxd7 Qxd7 17. f3 exf3 18. Nxf3
Bg6 19. Ne5 $14 {Kharitonov,A-Neverov,V/Kstovo op 1994/1/2-1/2 (78)}) 11. Qxa3
Qxa3 12. Nxa3 Ne4 13. Ne5 Be8 14. f3 Nd6 15. Nc2 Nd7 16. c5 $14 {/= () Ryskin,
A-Guliev,S/Azov 1995/1/2-1/2 (24)}) 10. Ba3 (10. Nxg5 $6 Bxh2+ 11. Kxh2 Ng4+
12. Kg1 Qxg5 13. Be2 Qh4 14. Bxg4 fxg4 $132 {[%cal Gf8f6,Gf6h6]}) 10... g4 11.
Bxd6 Qxd6 12. Ne5 Nbd7 13. Qb2 $14 Qc7 {[%cal Gd7e5]} 14. Nxd7 (14. f4 gxf3 15.
Nxf3 Ne4 $14) 14... Bxd7 15. Nc3 Ne4 $2 (15... e5 $142 $1 16. cxd5 (16. dxe5
Qxe5 17. Qd2 Be6) 16... exd4 17. exd4 cxd5 18. Ne2 $14) 16. Ne2 $1 $16 {
[%cal Ge2f4]} Ng5 17. Nf4 Rf6 18. Rfc1 Qd8 19. b4 $1 {[%cal Gb4b5]} Rh6 20. b5
Nf7 {[%cal Gd8h4]} 21. bxc6 Bxc6 (21... bxc6 22. Qb7 Nd6 (22... Rb8 23. Qxa7
Ra8 24. Qc5 Qh4 25. h3 $18) 23. Qb4 dxc4 24. Bxc4 Nxc4 25. Qxc4 Qh4 26. h3 $16
{[%csl Rc6,Rd7] <->b,c}) 22. cxd5 exd5 $4 (22... Bxd5 23. Nxd5 (23. Rab1 Qh4
24. Nxd5 Qxh2+ 25. Kf1 exd5 26. Qxb7) 23... Qxd5 24. Qb4 $16 {[%cal Ga1b1]
<->b,c |^<<,()}) 23. Bxf5 $18 Qh4 24. h3 gxh3 25. g3 $1 (25. Bxh3 Ng5 $16) (25.
gxh3 $6 Rf6) 25... h2+ 26. Kg2 Qe7 27. Rh1 Ng5 28. Qe2 Rf8 29. Bd3 b5 {In my
opinion white was in time-trouble and offered a draw in spite of decisive
advantage} (29... b5 30. Rxh2 Rxh2+ 31. Kxh2 $18 {white has technically
winning position}) 1/2-1/2